000 01277nam a2200241 i 4500
001 152961
003 ES-MaACL
005 20260127062550.0
008 931025s1892 sp |||| | spa d
100 1 _aCánovas del Castillo, Antonio,
_d1828-1897
_934600
245 1 0 _aDiscurso leído por el presidente Excmo. Sr. D. Antonio Cánovas del Castillo en la sesión inaugural del curso de 1892 a 93 celebrada el 28 de noviembre de 1892.
260 _aMadrid :
_b[s.n.],
_c1892 (
_fTip. de Manuel Ginés Hernández)
300 _a32 p. ;
_c25 cm.
530 _aDisponible en formato digital.
594 _aPrecede al tít.: Real Academia de Jurisprudencia y Legislación.
594 _aTema: Delitos cometidos por medio de la palabra.
650 4 _aDelitos.
_9166054
700 _aReal Academia de Jurisprudencia y Legislación de España
_9217612
852 _aES-MaACL
_jT-689-F-7
_z- Enc. hol., conservando cub. original
_z- Enc. en un vol. facticio
856 _uhttp://bvrajyl.rajyl.es/i18n/consulta/registro.cmd?id=9686
_zBiblioteca Virtual de la Real Academia de Jurisprudencia y Legislación
856 _uhttp://www.bibliotecavirtualdeandalucia.es/catalogo/es/consulta/registro.do?id=8295
_zBiblioteca Virtual de Andalucía
999 _c152961
_d152961